| 000 | 00983nam a2200241 i 4500 | ||
|---|---|---|---|
| 003 | DO-SdBNP | ||
| 005 | 20240220135146.0 | ||
| 007 | ta | ||
| 008 | 240220s2019 dr a 000 0 spa d | ||
| 040 |
_aDO-SdBNP _bspa _cBNPHU _erda |
||
| 082 |
_bG943 _222 |
||
| 245 | 0 | 0 |
_aGuía de trabajo : _bguía de trabajo con las comunidades para prevenir la trata de seres humanos con fines de explotación sexual y con fines de explotación para la mendicidad / |
| 264 | 1 |
_aSanto Domingo : _bMUDHA, _c2019. |
|
| 300 |
_a16 páginas, _c28 cm. |
||
| 336 |
_2rdacontent _atexto _btxt |
||
| 337 |
_2rdamedia _asin mediación _bn |
||
| 338 |
_2rdacarrier _avolumen _bnc |
||
| 500 | _aGuía de trabajo con las comunidades para prevenir la trata de seres humanos con fines de explotación sexual y con fines de explotación para la mendicidad. | ||
| 590 | _aInventariado, 2024/ YL | ||
| 710 |
_aMovimiento de Mujeres Dominico Haitianas, (MUDHA) _984932 |
||
| 910 | _aYLockward | ||
| 942 |
_2ddc _cLF2 |
||
| 999 |
_c55981 _d55981 |
||